Birds of the coast /

Bibliographic Details
Main Author: Gibson-Hill, Carl Alexander
Format: Book
Language:English
Published: London : H.F. & G. Witherby, 1949.
Subjects:

MARC

Tag First Indicator Second Indicator Subfields
LEADER 00000cam a2200000 4500
001 in00000046862
005 20151007075441.0
008 800613s1949 enka 00010 eng
010 |a  50023626  
035 |a (OCoLC)06418612 
035 |9 AAF3235AM 
040 |a DLC  |c TXA  |d UtOrBLW 
049 |a TXAM  |c [202017] 
050 0 |a QL690.G7  |b G48 
082 0 |a 598.2942 
092 |a 598.2942  |b G449b 
100 1 |a Gibson-Hill, Carl Alexander. 
245 1 0 |a Birds of the coast /  |c written and illustrated by C. A. Gibson-Hill. 
264 1 |a London :  |b H.F. & G. Witherby,  |c 1949. 
300 |a xxxii, 216 pages :  |b illustrations ;  |c 20 cm. 
336 |a text  |b txt  |2 rdacontent 
337 |a unmediated  |b n  |2 rdamedia 
338 |a volume  |b nc  |2 rdacarrier 
650 0 |a Birds  |z Great Britain. 
999 |a MARS 
999 f f |s 7d33f85c-2075-33f9-b025-5f99c6daf3a4  |i c9814d93-83a9-3a32-b0f7-ff1adf14aee2  |t 0 
952 f f |p ric  |a Texas A&M University  |b Rellis Campus  |c Joint Library Facility  |d Remote Storage  |t 0  |e QL690.G7 G48  |h Library of Congress classification  |i unmediated -- volume  |m A14801023058 
998 f f |a QL690.G7 G48  |t 0  |l Remote Storage